000 00732nam a2200253Ia 4500
003 OSt
005 20221005043657.0
006 a|||||r|||| 00| 0
007 ta
008 221004b |||||||| |||| 00| 0 eng d
020 _a9780143448525 (pbk)
_cIndian Rupees 250
024 _a70758
037 _bGift, 09/12/2021,
_cTextual
040 _aCRL
_cCRL
_beng
041 _2eng
_aeng
082 _aT, Q9
100 _aSisodia Manish Au.
_9591798
245 0 _aShiksha
_b my experimnts as an education minister
260 _aGurgaon
_bPenguin Books India
_c2019
300 _axvi,188p.
_ccm.
650 _aEDUCATION
942 _hT, Q9
_cTEXL
_2cc
999 _c952250
_d952250